[Event "GBR-ch109 Over 65"]
[Site "Leicester"]
[Date "2023.07.24"]
[Round "1.20"]
[White "Gunn, Michael J"]
[Black "Stokes, Mike R"]
[Result "0-1"]
[WhiteElo "1606"]
[BlackElo "1940"]
[PlyCount "59"]
[EventDate "2023.07.24"]
[EventType "swiss"]
[EventRounds "7"]
[EventCountry "GBR"]
[SourceTitle "BritBase"]
[Source "John Saunders"]
[SourceDate "2025.01.31"]
[SourceVersion "1"]
[SourceVersionDate "2025.01.31"]
[SourceQuality "1"]

1. e4 e5 2. Nf3 Nc6 3. Bc4 Be7 4. d4 exd4 5. Nxd4 d6 6. Nc3 Nf6 7. Bb3 O-O 8. O-O Bg4 9. f3 Bh5 10. Nf5 Bg6 11. Nxe7+ Qxe7 12. Re1 h6 13. Nd5 Qd8 14. Be3 Re8 15. Qd2 Ne5 16. Nf4 Bh7 17. Rad1 b5 18. Nd5 a6 19. Nxf6+ Qxf6 20. c3 Bg6 21. Bd4 Qh4 22. Bf2 Qe7 23. Qe2 Kh8 24. Rd2 a5 25. f4 a4 26. fxe5 axb3 27. axb3 Qxe5 28. Bg3 Qg5 29. Rd5 Qxd5 30. exd5 0-1

[Event "GBR-ch109 Over 65"]
[Site "Leicester"]
[Date "2023.07.24"]
[Round "1.22"]
[White "Willoughby, Robert H"]
[Black "Myall, Ivan J"]
[Result "0-1"]
[WhiteElo "1564"]
[BlackElo "1927"]
[PlyCount "74"]
[EventDate "2023.07.24"]
[EventType "swiss"]
[EventRounds "7"]
[EventCountry "GBR"]
[SourceTitle "BritBase"]
[Source "John Saunders"]
[SourceDate "2025.01.31"]
[SourceVersion "1"]
[SourceVersionDate "2025.01.31"]
[SourceQuality "1"]

1. d4 d5 2. c4 c6 3. Nf3 dxc4 4. a4 Nf6 5. Nc3 Bf5 6. e3 e6 7. Bxc4 Bd6 8. O-O Nbd7 9. Re1 Ne4 10. Bd3 Nxc3 11. bxc3 Bxd3 12. Qxd3 h6 13. e4 e5 14. Be3 O-O 15. Reb1 Qc7 16. a5 Rfd8 17. g3 Be7 18. Qc4 Bf6 19. Qa4 Re8 20. Re1 exd4 21. Bxd4 Ne5 22. Nxe5 Bxe5 23. f4 Bd6 24. e5 Bf8 25. Qc2 c5 26. Bf2 Re6 27. Qe4 Rae8 28. Rab1 b6 29. axb6 axb6 30. g4 g5 31. Bg3 gxf4 32. Bxf4 Bg7 33. Qe3 Bxe5 34. Bxe5 Rxe5 35. Qxh6 Rxe1+ 36. Rxe1 Rxe1+ 37. Kf2 Re6 0-1

[Event "GBR-ch109 Over 65"]
[Site "Leicester"]
[Date "2023.07.24"]
[Round "1.23"]
[White "Burgess, Ray J"]
[Black "Carpenter, David J"]
[Result "1-0"]
[WhiteElo "1924"]
[BlackElo "1485"]
[PlyCount "51"]
[EventDate "2023.07.24"]
[EventType "swiss"]
[EventRounds "7"]
[EventCountry "GBR"]
[SourceTitle "BritBase"]
[Source "John Saunders"]
[SourceDate "2025.01.31"]
[SourceVersion "1"]
[SourceVersionDate "2025.01.31"]
[SourceQuality "1"]

1. d4 g6 2. Nf3 Bg7 3. c4 d6 4. Nc3 Nf6 5. e4 O-O 6. h3 c5 7. d5 a6 8. a4 Nbd7 9. Be2 Ne8 10. Be3 Ne5 11. O-O Nxf3+ 12. Bxf3 f5 13. Qd2 Nf6 14. a5 fxe4 15. Nxe4 Nxe4 16. Bxe4 Bf5 17. Bxf5 Rxf5 18. Ra3 Qc7 19. Rb3 Re8 20. Rb6 Rf7 21. Bf4 Rb8 22. Re1 Bf8 23. Re6 Rf6 24. Bxd6 exd6 25. Rxf6 Re8 26. Re6 1-0

[Event "GBR-ch109 Over 65"]
[Site "Leicester"]
[Date "2023.07.24"]
[Round "1.24"]
[White "Collins, Nigel"]
[Black "Hawkins, James Nick"]
[Result "1/2-1/2"]
[WhiteElo "1458"]
[BlackElo "1910"]
[PlyCount "65"]
[EventDate "2023.07.24"]
[EventType "swiss"]
[EventRounds "7"]
[EventCountry "GBR"]
[SourceTitle "BritBase"]
[Source "John Saunders"]
[SourceDate "2025.01.31"]
[SourceVersion "1"]
[SourceVersionDate "2025.01.31"]
[SourceQuality "1"]

1. c4 f5 2. Nc3 Nf6 3. g3 e6 4. Bg2 d5 5. cxd5 exd5 6. e3 c6 7. d4 Bd6 8. Nge2 O-O 9. O-O Re8 10. a3 Nbd7 11. b4 Nb6 12. Na4 Nc4 13. Nb2 b5 14. Nxc4 bxc4 15. Bd2 Ne4 16. Nc3 Nxc3 17. Bxc3 Be6 18. Qd2 Qc7 19. Rfe1 Rab8 20. f3 Qd7 21. e4 fxe4 22. fxe4 dxe4 23. Bxe4 Bd5 24. Bxd5+ cxd5 25. Rxe8+ Rxe8 26. Re1 Rf8 27. Rf1 Rxf1+ 28. Kxf1 Qh3+ 29. Qg2 Qf5+ 30. Qf2 Qd3+ 31. Qe2 Qxc3 32. Qe6+ Kf8 33. Qxd6+ 1/2-1/2

[Event "GBR-ch109 Over 65"]
[Site "Leicester"]
[Date "2023.07.24"]
[Round "1.25"]
[White "Reuben, Stewart"]
[Black "Chadwick, Susan E"]
[Result "1/2-1/2"]
[WhiteElo "1901"]
[BlackElo "1455"]
[PlyCount "80"]
[EventDate "2023.07.24"]
[EventType "swiss"]
[EventRounds "7"]
[EventCountry "GBR"]
[SourceTitle "BritBase"]
[Source "John Saunders"]
[SourceDate "2025.01.31"]
[SourceVersion "1"]
[SourceVersionDate "2025.01.31"]
[SourceQuality "1"]

1. c4 e5 2. Nc3 Nf6 3. g3 c6 4. d4 exd4 5. Qxd4 Be7 6. Bg2 O-O 7. Bf4 d6 8. O-O-O c5 9. Qd2 Nc6 10. Bxd6 Be6 11. Bxe7 Qxe7 12. Nd5 Bxd5 13. cxd5 Rad8 14. d6 Qe6 15. b3 Qe5 16. Qb2 Qf5 17. f4 Rfe8 18. Nf3 Ne4 19. Nh4 Qe6 20. f5 Qh6+ 21. Kb1 Nf2 22. Rd5 Nxh1 23. Bxh1 Rxd6 24. f6 Rxd5 25. Bxd5 Qxf6 26. Qxf6 gxf6 27. Bc4 Nd4 28. Kb2 Nxe2 29. Nf5 Nd4 30. Nd6 Re7 31. Kc3 Nf3 32. Bd5 Nxh2 33. Nxb7 Re3+ 34. Kc4 Rxg3 35. Kxc5 Nf3 36. b4 h5 37. Nd6 Ne5 38. Nf5 Rg5 39. Be4 Ng4 40. Kc6 Ne5+ 1/2-1/2

[Event "GBR-ch109 Over 65"]
[Site "Leicester"]
[Date "2023.07.25"]
[Round "2.1"]
[White "Stokes, Mike R"]
[Black "Chapman, Terry PD"]
[Result "0-1"]
[WhiteElo "1940"]
[BlackElo "2248"]
[PlyCount "66"]
[EventDate "2023.07.24"]
[EventType "swiss"]
[EventRounds "7"]
[EventCountry "GBR"]
[SourceTitle "BritBase"]
[Source "John Saunders"]
[SourceDate "2025.01.31"]
[SourceVersion "1"]
[SourceVersionDate "2025.01.31"]
[SourceQuality "1"]

1. e4 c5 2. d4 cxd4 3. c3 dxc3 4. Nxc3 e6 5. Nf3 a6 6. Bc4 b5 7. Bb3 Bb7 8. Qe2 d6 9. O-O Nd7 10. Rd1 Ngf6 11. Bc2 Be7 12. Nd4 Qc7 13. Bg5 Rc8 14. Rac1 h6 15. Be3 Qb8 16. f3 b4 17. Na4 d5 18. Qd2 dxe4 19. fxe4 Rd8 20. Bf4 e5 21. Nf5 exf4 22. Nxe7 Qa7+ 23. Kh1 Ng4 24. Rf1 Qe3 25. Qxe3 Nxe3 26. Nf5 Nxf1 27. Nd6+ Ke7 28. Nxb7 Rc8 29. Rxf1 Rxc2 30. Kg1 Rb8 31. Na5 Nb6 32. Nxb6 Rxb6 33. Rxf4 Rf6 0-1

[Event "GBR-ch109 Over 65"]
[Site "Leicester"]
[Date "2023.07.25"]
[Round "2.2"]
[White "Orton, Stephen LA"]
[Black "Harding, Timothy David"]
[Result "1/2-1/2"]
[WhiteElo "2133"]
[BlackElo "1928"]
[PlyCount "52"]
[EventDate "2023.07.24"]
[EventType "swiss"]
[EventRounds "7"]
[EventCountry "GBR"]
[SourceTitle "BritBase"]
[Source "John Saunders"]
[SourceDate "2025.01.31"]
[SourceVersion "1"]
[SourceVersionDate "2025.01.31"]
[SourceQuality "1"]

1. e4 e5 2. Nf3 Nc6 3. Bb5 Nf6 4. d3 Bc5 5. O-O Nd4 6. Nxd4 Bxd4 7. c3 Bb6 8. Nd2 c6 9. Ba4 O-O 10. Nf3 d6 11. h3 h6 12. Re1 Re8 13. Bc2 Bd7 14. d4 Qc8 15. Qd3 a5 16. a4 Qb8 17. b3 Qa7 18. Re2 Rad8 19. g4 Nh7 20. Bb2 Bc7 21. c4 Qb8 22. Kg2 Nf8 23. d5 Ng6 24. Bc1 Qc8 25. Kg3 Bb6 26. Be3 Qc7 1/2-1/2

[Event "GBR-ch109 Over 65"]
[Site "Leicester"]
[Date "2023.07.25"]
[Round "2.3"]
[White "Myall, Ivan J"]
[Black "Morley, Andrew J"]
[Result "1-0"]
[WhiteElo "1927"]
[BlackElo "2089"]
[PlyCount "99"]
[EventDate "2023.07.24"]
[EventType "swiss"]
[EventRounds "7"]
[EventCountry "GBR"]
[SourceTitle "BritBase"]
[Source "John Saunders"]
[SourceDate "2025.01.31"]
[SourceVersion "1"]
[SourceVersionDate "2025.01.31"]
[SourceQuality "1"]

1. d4 Nf6 2. Bf4 d6 3. Nc3 Nbd7 4. e4 e5 5. Bg3 c6 6. Nf3 Qa5 7. Qd2 Be7 8. Be2 O-O 9. O-O Re8 10. dxe5 dxe5 11. Nd5 Qxd2 12. Nxe7+ Rxe7 13. Nxd2 Nc5 14. Rad1 Bg4 15. f3 Bh5 16. Rfe1 Nfd7 17. Nc4 f6 18. b3 Ne6 19. Nd6 Nb6 20. a4 Nd4 21. a5 Rd7 22. Rxd4 exd4 23. axb6 axb6 24. Bc4+ Kf8 25. Be6 Re7 26. Bf5 b5 27. e5 Bg6 28. Bxg6 hxg6 29. f4 Ra2 30. Rc1 b6 31. Kf1 g5 32. Nf5 gxf4 33. Bxf4 Rd7 34. e6 Rd5 35. Bd6+ Rxd6 36. Nxd6 Ke7 37. Nf5+ Kxe6 38. Nxd4+ Kd5 39. Ne2 Ra8 40. Kf2 Ke5 41. Rd1 Ra2 42. Rd2 b4 43. Ke3 b5 44. Nf4 Ra1 45. Nd3+ Kf5 46. Nxb4 c5 47. Rd5+ Kg4 48. Rxc5 Rg1 49. Kf2 Rd1 50. Rd5 1-0

[Event "GBR-ch109 Over 65"]
[Site "Leicester"]
[Date "2023.07.25"]
[Round "2.4"]
[White "Stimpson, Philip M"]
[Black "Surtees, Michael J"]
[Result "0-1"]
[WhiteElo "1893"]
[BlackElo "2059"]
[PlyCount "62"]
[EventDate "2023.07.24"]
[EventType "swiss"]
[EventRounds "7"]
[EventCountry "GBR"]
[SourceTitle "BritBase"]
[Source "John Saunders"]
[SourceDate "2025.01.31"]
[SourceVersion "1"]
[SourceVersionDate "2025.01.31"]
[SourceQuality "1"]

1. d4 c6 2. Nc3 d5 3. Bf4 Bf5 4. f3 e6 5. g4 Bg6 6. h4 h5 7. g5 Bd6 8. e3 Bxf4 9. exf4 Qd6 10. Qd2 Ne7 11. O-O-O Nd7 12. Nge2 b5 13. Ng3 Nb6 14. Kb1 b4 15. Nce2 Nc4 16. Qc1 a5 17. Bh3 a4 18. f5 Nxf5 19. Nxf5 Bxf5 20. Bxf5 exf5 21. Nf4 g6 22. Rde1+ Kd7 23. Nd3 Rhe8 24. Nc5+ Kc7 25. Rxe8 Rxe8 26. Re1 Re6 27. Nxe6+ fxe6 28. Qd1 Qf4 29. Rxe6 Nd2+ 30. Ka1 Qxd4 31. Qe1 a3 0-1

[Event "GBR-ch109 Over 65"]
[Site "Leicester"]
[Date "2023.07.25"]
[Round "2.5"]
[White "Punnett, Alan Kenneth"]
[Black "Burgess, Ray J"]
[Result "1-0"]
[WhiteElo "2051"]
[BlackElo "1924"]
[PlyCount "73"]
[EventDate "2023.07.24"]
[EventType "swiss"]
[EventRounds "7"]
[EventCountry "GBR"]
[SourceTitle "BritBase"]
[Source "John Saunders"]
[SourceDate "2025.01.31"]
[SourceVersion "1"]
[SourceVersionDate "2025.01.31"]
[SourceQuality "1"]

1. e4 c5 2. Nf3 d6 3. Bb5+ Bd7 4. Bxd7+ Qxd7 5. O-O Nc6 6. d4 cxd4 7. Nxd4 Nf6 8. Re1 g6 9. c4 Bg7 10. Nc3 O-O 11. Nf3 Rac8 12. Bd2 Rfd8 13. Qe2 Ng4 14. Rac1 Nce5 15. Nxe5 Nxe5 16. b3 Nc6 17. Be3 Nd4 18. Qd2 e5 19. Nd5 Rf8 20. h3 Rce8 21. c5 f5 22. f3 fxe4 23. fxe4 Rf7 24. cxd6 Qxd6 25. Rf1 Rxf1+ 26. Rxf1 Rc8 27. Qd3 a6 28. Rc1 Rxc1+ 29. Bxc1 Qc5 30. Be3 Kf7 31. Kh2 Qc2 32. Qf1+ Ke6 33. Bh6 Bxh6 34. Qf6+ Kd7 35. Qe7+ Kc6 36. Qc7+ Kb5 37. a4# 1-0

[Event "GBR-ch109 Over 65"]
[Site "Leicester"]
[Date "2023.07.25"]
[Round "2.6"]
[White "Fryer, David William"]
[Black "Hutchinson, Paul A"]
[Result "1/2-1/2"]
[WhiteElo "1880"]
[BlackElo "1996"]
[PlyCount "155"]
[EventDate "2023.07.24"]
[EventType "swiss"]
[EventRounds "7"]
[EventCountry "GBR"]
[SourceTitle "BritBase"]
[Source "John Saunders"]
[SourceDate "2025.01.31"]
[SourceVersion "1"]
[SourceVersionDate "2025.01.31"]
[SourceQuality "1"]

1. e4 d5 2. d3 dxe4 3. dxe4 Qxd1+ 4. Kxd1 Nc6 5. Nf3 Bg4 6. c3 O-O-O+ 7. Kc2 Nf6 8. Nbd2 e6 9. b4 Bh5 10. Bb5 Nb8 11. h3 c6 12. Ba4 Nbd7 13. Kb2 Bxf3 14. Nxf3 Nxe4 15. Be3 Kc7 16. Rhe1 Nd6 17. Bb3 h6 18. a4 a6 19. Bf4 Be7 20. Rad1 Rhe8 21. Re3 Bf8 22. Bh2 b6 23. Nd2 Kc8 24. Rd3 Nb7 25. Nc4 b5 26. axb5 cxb5 27. Rxd7 bxc4 28. Rc7+ Kb8 29. Rc6+ e5 30. Rxd8+ Nxd8 31. Rxc4 Bd6 32. Re4 f5 33. Re2 Nb7 34. Bc4 a5 35. Kb3 axb4 36. cxb4 g5 37. f3 Re7 38. Bd5 Nd8 39. Bg1 Ne6 40. Rd2 Nd8 41. Ra2 Kc8 42. b5 Nb7 43. Ra8+ Bb8 44. Kb4 Kc7 45. Ra6 Rd7 46. Bb6+ Kd6 47. Bxb7 Rxb7 48. Bc5+ Kd5 49. Rf6 Rd7 50. Rxh6 e4 51. fxe4+ fxe4 52. Rg6 Bf4 53. Bf2 e3 54. Be1 Ra7 55. b6 Ra1 56. Bc3 Rb1+ 57. Ka5 Rb3 58. Be1 e2 59. Ka6 Ra3+ 60. Kb7 Ra1 61. Bb4 Rb1 62. Ba5 Rd1 63. Rg8 e1=Q 64. Bxe1 Rxe1 65. g3 Bxg3 66. Rxg5+ Be5 67. h4 Ke6 68. h5 Bf4 69. Rb5 Be5 70. Ka6 Ra1+ 71. Kb7 Rh1 72. Kc6 Rxh5 73. b7 Rh8 74. Rxe5+ Kxe5 75. Kc7 Ke6 76. b8=Q Rf8 77. Qd8 Rxd8 78. Kxd8 1/2-1/2

[Event "GBR-ch109 Over 65"]
[Site "Leicester"]
[Date "2023.07.25"]
[Round "2.7"]
[White "Moore, Geoffrey R"]
[Black "Phillips, William"]
[Result "1-0"]
[WhiteElo "1994"]
[BlackElo "1808"]
[PlyCount "113"]
[EventDate "2023.07.24"]
[EventType "swiss"]
[EventRounds "7"]
[EventCountry "GBR"]
[SourceTitle "BritBase"]
[Source "John Saunders"]
[SourceDate "2025.01.31"]
[SourceVersion "1"]
[SourceVersionDate "2025.01.31"]
[SourceQuality "1"]

1. e4 d6 2. d4 Nf6 3. Nc3 g6 4. Bg5 Bg7 5. Qd2 h5 6. h3 c6 7. Nf3 Qc7 8. O-O-O b5 9. e5 Nh7 10. exd6 exd6 11. Qe3+ Be6 12. d5 cxd5 13. Nxd5 Qb7 14. Nf4 Nxg5 15. Nxg5 Qe7 16. Nfxe6 fxe6 17. Bxb5+ Nd7 18. Qxe6 Qxe6 19. Nxe6 Bh6+ 20. Kb1 Ke7 21. Bxd7 Kxd7 22. Nc5+ Kc6 23. Ne4 d5 24. Nc3 Rhf8 25. f3 Rad8 26. Rd3 d4 27. Ne4 Rf5 28. c4 a5 29. Kc2 a4 30. Rhd1 Bg7 31. R1d2 g5 32. g4 hxg4 33. hxg4 Ra5 34. Rh2 Rh8 35. Rxh8 Bxh8 36. Rd2 Be5 37. Kd3 Bf4 38. Rc2 Be3 39. Rh2 Ra8 40. Rh6+ Kc7 41. Rh7+ Kb6 42. c5+ Kb5 43. Rb7+ Kc6 44. Rb6+ Kc7 45. b4 axb3 46. axb3 Ra1 47. b4 Ra3+ 48. Kc4 d3 49. Kb5 d2 50. Rc6+ Kb7 51. Rd6 Ra2 52. Rd7+ Kc8 53. Rd3 Rb2 54. Nd6+ Kb8 55. Nc4 Rb3 56. Rd5 Bf4 57. Nxd2 1-0

[Event "GBR-ch109 Over 65"]
[Site "Leicester"]
[Date "2023.07.25"]
[Round "2.8"]
[White "Goodwin, Ed H"]
[Black "Bray, David J"]
[Result "0-1"]
[WhiteElo "1824"]
[BlackElo "1975"]
[PlyCount "54"]
[EventDate "2023.07.24"]
[EventType "swiss"]
[EventRounds "7"]
[EventCountry "GBR"]
[SourceTitle "BritBase"]
[Source "John Saunders"]
[SourceDate "2025.01.31"]
[SourceVersion "1"]
[SourceVersionDate "2025.01.31"]
[SourceQuality "1"]

1. b3 e5 2. Bb2 Nc6 3. e3 Nf6 4. Bb5 d6 5. d4 Bd7 6. dxe5 Nxe5 7. Bxd7+ Qxd7 8. Nf3 Qf5 9. Na3 Nxf3+ 10. Qxf3 Qa5+ 11. c3 d5 12. Nc2 Ne4 13. Qf5 Be7 14. O-O O-O 15. b4 Qb5 16. Nd4 Qc4 17. Rfd1 Rad8 18. f3 Nxc3 19. Rac1 Bxb4 20. Rxc3 Bxc3 21. Rc1 c5 22. Rxc3 Qxa2 23. Qc2 cxd4 24. exd4 Rfe8 25. Rc7 Qa5 26. h3 Re2 27. Qxe2 Qxc7 0-1

[Event "GBR-ch109 Over 65"]
[Site "Leicester"]
[Date "2023.07.25"]
[Round "2.9"]
[White "Lawson, Maurice E"]
[Black "Matthews, Gabriel"]
[Result "1-0"]
[WhiteElo "1972"]
[BlackElo "1783"]
[PlyCount "72"]
[EventDate "2023.07.24"]
[EventType "swiss"]
[EventRounds "7"]
[EventCountry "GBR"]
[SourceTitle "BritBase"]
[Source "John Saunders"]
[SourceDate "2025.01.31"]
[SourceVersion "1"]
[SourceVersionDate "2025.01.31"]
[SourceQuality "1"]

1. e4 e6 2. d4 d5 3. Nc3 dxe4 4. Nxe4 Nd7 5. Bd3 Ngf6 6. Qf3 Be7 7. Bf4 O-O 8. Rd1 Nxe4 9. Bxe4 c6 10. c3 Qa5 11. Bb1 Bf6 12. Ne2 Re8 13. Qe4 g6 14. O-O Bg7 15. Rfe1 f5 16. Qc2 Nf6 17. Be5 b6 18. Nf4 Bd7 19. a3 Rad8 20. Ba2 Nd5 21. Bxg7 Kxg7 22. Re5 Qa6 23. Qd2 Qc8 24. Rde1 Nxf4 25. Qxf4 Re7 26. h4 Rde8 27. h5 Rf7 28. R1e3 Rf6 29. Rg3 h6 30. hxg6 Rxg6 31. Ree3 Rg8 32. Rxg6+ Kxg6 33. Qe5 Kf7 34. Qxf5+ Ke7 35. Qh7+ Kd6 36. Qxh6 Rh8 1-0

[Event "GBR-ch109 Over 65"]
[Site "Leicester"]
[Date "2023.07.25"]
[Round "2.10"]
[White "Spanton, Timothy R"]
[Black "De Coverly, Roger D"]
[Result "1/2-1/2"]
[WhiteElo "1800"]
[BlackElo "1955"]
[PlyCount "98"]
[EventDate "2023.07.24"]
[EventType "swiss"]
[EventRounds "7"]
[EventCountry "GBR"]
[SourceTitle "BritBase"]
[Source "John Saunders"]
[SourceDate "2025.01.31"]
[SourceVersion "1"]
[SourceVersionDate "2025.01.31"]
[SourceQuality "1"]

1. d4 Nf6 2. Nc3 g6 3. e4 d6 4. f4 Bg7 5. Nf3 O-O 6. Be2 c5 7. d5 e6 8. O-O exd5 9. exd5 Bg4 10. h3 Bxf3 11. Bxf3 a6 12. a4 Nbd7 13. Be3 Re8 14. Bf2 Qc7 15. Re1 Rxe1+ 16. Qxe1 Re8 17. Qf1 Qb8 18. g4 h6 19. Kg2 Nf8 20. Qd3 Qc8 21. Bg3 N6d7 22. Ne4 Qc7 23. c3 c4 24. Qc2 Nc5 25. Nxc5 Qxc5 26. Bf2 Qc7 27. Qd2 Nd7 28. Bd4 Bxd4 29. Qxd4 Qc5 30. Rd1 b5 31. Kf2 Qxd4+ 32. Rxd4 Nc5 33. axb5 axb5 34. Be2 Ra8 35. Ke3 Ra2 36. Rd2 Na4 37. Bd1 Rxb2 38. Bxa4 Rxd2 39. Kxd2 bxa4 40. Kc2 g5 41. fxg5 hxg5 42. Kb2 Kg7 43. Ka3 Kf6 44. Kxa4 Ke5 45. Kb5 Kxd5 46. Kb4 Ke5 47. Kxc4 d5+ 48. Kc5 f6 49. Kc6 Ke6 1/2-1/2

[Event "GBR-ch109 Over 65"]
[Site "Leicester"]
[Date "2023.07.25"]
[Round "2.11"]
[White "Giulian, Philip Maurice"]
[Black "Ingham, H William"]
[Result "1-0"]
[WhiteElo "2141"]
[BlackElo "1833"]
[PlyCount "87"]
[EventDate "2023.07.24"]
[EventType "swiss"]
[EventRounds "7"]
[EventCountry "GBR"]
[SourceTitle "BritBase"]
[Source "John Saunders"]
[SourceDate "2025.01.31"]
[SourceVersion "1"]
[SourceVersionDate "2025.01.31"]
[SourceQuality "1"]

1. e4 d6 2. d4 Nf6 3. f3 c6 4. c4 Nbd7 5. Nc3 e5 6. Nge2 Be7 7. Be3 O-O 8. d5 cxd5 9. cxd5 b6 10. Ng3 Ne8 11. Qd2 Nc5 12. b4 Nd7 13. Rc1 a5 14. a3 axb4 15. axb4 Ba6 16. Bxa6 Rxa6 17. Nb5 Bh4 18. O-O Bxg3 19. hxg3 f5 20. exf5 Rxf5 21. Rc6 Rf8 22. Rfc1 Ra8 23. Qf2 Ra4 24. Rc8 Qe7 25. Qb2 Nef6 26. Qb3 Ra8 27. R8c6 Ne8 28. Nc3 Nef6 29. Bg5 h6 30. Bxf6 Rxf6 31. Ne4 Rg6 32. Qc2 Rd8 33. g4 Nf6 34. Nxd6 Rxd6 35. Qxg6 Rxd5 36. Rc8+ Rd8 37. Qd3 Re8 38. Rxe8+ Qxe8 39. Qf5 Qa4 40. Rc8+ Kf7 41. Rc7+ Kg8 42. Qg6 Qd1+ 43. Kh2 Nd7 44. Qe6+ 1-0

[Event "GBR-ch109 Over 65"]
[Site "Leicester"]
[Date "2023.07.25"]
[Round "2.12"]
[White "Raynes, Paul C"]
[Black "Moore, John C"]
[Result "0-1"]
[WhiteElo "2062"]
[BlackElo "1886"]
[PlyCount "82"]
[EventDate "2023.07.24"]
[EventType "swiss"]
[EventRounds "7"]
[EventCountry "GBR"]
[SourceTitle "BritBase"]
[Source "John Saunders"]
[SourceDate "2025.01.31"]
[SourceVersion "1"]
[SourceVersionDate "2025.01.31"]
[SourceQuality "1"]

1. d4 d5 2. Bf4 Nf6 3. e3 c5 4. Nd2 cxd4 5. exd4 Nc6 6. Ngf3 Bg4 7. c3 e6 8. Qb3 Qc8 9. Bb5 Be7 10. Ne5 O-O 11. f3 Bf5 12. g4 Nxe5 13. dxe5 Nxg4 14. fxg4 Bxg4 15. Bd3 Qc5 16. Nf1 f6 17. Be3 Qc7 18. Rg1 h5 19. exf6 Bxf6 20. Kd2 Be5 21. h4 Rac8 22. a3 Qe7 23. Re1 Qxh4 24. Qb4 Qf6 25. Rg2 Qh4 26. Rc1 Qh3 27. Rxg4 hxg4 28. Be2 g3 29. Bg4 Qg2+ 30. Kd3 Rc6 31. Nd2 Qh2 32. Nf3 Qh7+ 33. Kd2 Rxf3 34. Bxf3 Qh2+ 35. Be2 g2 36. Qxb7 Rc7 37. Qa8+ Kf7 38. Rg1 Bf4 39. Bxf4 Qxf4+ 40. Ke1 Qg3+ 41. Kd1 Qh2 0-1

[Event "GBR-ch109 Over 65"]
[Site "Leicester"]
[Date "2023.07.25"]
[Round "2.13"]
[White "Campbell, Ian"]
[Black "Collins, Nigel"]
[Result "1/2-1/2"]
[WhiteElo "1952"]
[BlackElo "1458"]
[PlyCount "59"]
[EventDate "2023.07.24"]
[EventType "swiss"]
[EventRounds "7"]
[EventCountry "GBR"]
[SourceTitle "BritBase"]
[Source "John Saunders"]
[SourceDate "2025.01.31"]
[SourceVersion "1"]
[SourceVersionDate "2025.01.31"]
[SourceQuality "1"]

1. d4 Nf6 2. Nf3 g6 3. e3 Bg7 4. c4 d5 5. Nc3 O-O 6. cxd5 Nxd5 7. Bc4 Nxc3 8. bxc3 c5 9. O-O Nc6 10. Ba3 cxd4 11. cxd4 Re8 12. Rc1 e6 13. Qd2 Ne7 14. Rfd1 a6 15. Bb4 b6 16. Qe2 Bb7 17. Bd3 Nd5 18. Bd2 b5 19. e4 Ne7 20. Be3 Rc8 21. Rxc8 Qxc8 22. Rc1 Qd7 23. Qd2 Rc8 24. h3 Rxc1+ 25. Qxc1 Qc6 26. Qa3 Qd7 27. Qc5 Nc6 28. a3 Bf8 29. Qc3 Bg7 30. Qc5 1/2-1/2

[Event "GBR-ch109 Over 65"]
[Site "Leicester"]
[Date "2023.07.25"]
[Round "2.14"]
[White "Chadwick, Susan E"]
[Black "Milnes, Anthony CP"]
[Result "1-0"]
[WhiteElo "1455"]
[BlackElo "1943"]
[PlyCount "104"]
[EventDate "2023.07.24"]
[EventType "swiss"]
[EventRounds "7"]
[EventCountry "GBR"]
[SourceTitle "BritBase"]
[Source "John Saunders"]
[SourceDate "2025.01.31"]
[SourceVersion "1"]
[SourceVersionDate "2025.01.31"]
[SourceQuality "1"]

1. e4 e6 2. d4 d5 3. Nc3 Bb4 4. e5 c5 5. Be3 Nc6 6. a3 Ba5 7. Nf3 Qc7 8. Bb5 Bd7 9. Bxc6 Bxc6 10. O-O Bxc3 11. bxc3 Ne7 12. Ng5 O-O 13. f4 Nf5 14. Bf2 cxd4 15. cxd4 Rac8 16. a4 Qd7 17. c3 Qc7 18. Qb3 Bd7 19. Rfc1 b6 20. Nf3 Qc4 21. Nd2 Qxb3 22. Nxb3 Rc4 23. a5 Rfc8 24. Be1 Ra4 25. axb6 axb6 26. Rxa4 Bxa4 27. Rb1 Ne3 28. Na1 b5 29. Nb3 Nc2 30. Nc5 Ra8 31. Kf2 b4 32. cxb4 Nxd4 33. Nxa4 Rxa4 34. b5 Ra2+ 35. Kg3 Ra3+ 36. Kf2 Rb3 37. Rxb3 Nxb3 38. b6 Nc5 39. Ke3 f6 40. Kd4 Nb7 41. exf6 gxf6 42. g4 Kf7 43. Bb4 Ke8 44. f5 Kd7 45. fxe6+ Kxe6 46. h4 h6 47. Bd2 Nd8 48. Bxh6 Nc6+ 49. Kc5 Nd8 50. Bf4 Nb7+ 51. Kc6 Na5+ 52. Kc7 d4 1-0

[Event "GBR-ch109 Over 65"]
[Site "Leicester"]
[Date "2023.07.25"]
[Round "2.15"]
[White "Hawkins, James Nick"]
[Black "Daniels, David W"]
[Result "1/2-1/2"]
[WhiteElo "1910"]
[BlackElo "1655"]
[PlyCount "51"]
[EventDate "2023.07.24"]
[EventType "swiss"]
[EventRounds "7"]
[EventCountry "GBR"]
[SourceTitle "BritBase"]
[Source "John Saunders"]
[SourceDate "2025.01.31"]
[SourceVersion "1"]
[SourceVersionDate "2025.01.31"]
[SourceQuality "1"]

1. c4 e5 2. Nc3 Nc6 3. g3 f5 4. d3 Nf6 5. Bg2 Bb4 6. Bd2 O-O 7. e3 Bxc3 8. Bxc3 d6 9. Ne2 Bd7 10. O-O Kh8 11. a3 Qe8 12. b4 Rb8 13. Bd2 Qh5 14. Nc3 Qh6 15. b5 Ne7 16. f4 g5 17. Qe2 Rg8 18. Nd5 Nexd5 19. cxd5 Qg6 20. fxe5 dxe5 21. Bc3 Rge8 22. Qb2 Ng4 23. Rae1 Qb6 24. h3 Nh6 25. Bxe5+ Kg8 26. a4 1/2-1/2

[Event "GBR-ch109 Over 65"]
[Site "Leicester"]
[Date "2023.07.25"]
[Round "2.16"]
[White "Dhillon, Tarsem"]
[Black "Reuben, Stewart"]
[Result "0-1"]
[WhiteElo "1609"]
[BlackElo "1901"]
[PlyCount "76"]
[EventDate "2023.07.24"]
[EventType "swiss"]
[EventRounds "7"]
[EventCountry "GBR"]
[SourceTitle "BritBase"]
[Source "John Saunders"]
[SourceDate "2025.01.31"]
[SourceVersion "1"]
[SourceVersionDate "2025.01.31"]
[SourceQuality "1"]

1. Nf3 c5 2. e4 Nc6 3. Bc4 e6 4. Nc3 Nf6 5. d4 cxd4 6. Nxd4 Bb4 7. Nxc6 bxc6 8. O-O Bxc3 9. bxc3 Qa5 10. Qd4 d5 11. exd5 cxd5 12. Bd3 O-O 13. Bg5 Nd7 14. Qh4 f5 15. Be7 Re8 16. Bb4 Qc7 17. Rae1 Ne5 18. Qf4 a5 19. Qxe5 Qxe5 20. Rxe5 axb4 21. cxb4 Bd7 22. Ra1 Reb8 23. b5 Bxb5 24. Bxb5 Rxb5 25. f3 Kf7 26. Ree1 Rba5 27. Kf2 Rxa2 28. Rxa2 Rxa2 29. Rc1 d4 30. Ke2 e5 31. Kd2 Ke6 32. Rb1 e4 33. fxe4 fxe4 34. Re1 Ke5 35. g3 d3 36. Rc1 Rxc2+ 37. Rxc2 dxc2 38. Kxc2 Kd4 0-1